<?xml version="1.0" encoding="UTF-8"?>
<collection xmlns="http://www.loc.gov/MARC21/slim">
 <record>
  <leader>00662pamaa2200157   4500</leader>
  <controlfield tag="001">0000013645</controlfield>
  <controlfield tag="005">20101129090000.0</controlfield>
  <datafield tag="020" ind1="0" ind2="0">
   <subfield code="a">0333568893 </subfield>
  </datafield>
  <datafield tag="090" ind1="0" ind2="0">
   <subfield code="a">PE1115 </subfield>
   <subfield code="b">BAD 1993</subfield>
  </datafield>
  <datafield tag="100" ind1="1" ind2="0">
   <subfield code="a">Badger </subfield>
  </datafield>
  <datafield tag="245" ind1="1" ind2="0">
   <subfield code="a">Macmillan business English programme : </subfield>
   <subfield code="b">pre-intermediate course  </subfield>
   <subfield code="c">Ian Badger and Pete Menzies [</subfield>
   <subfield code="m">audiocassette].</subfield>
  </datafield>
  <datafield tag="260" ind1="0" ind2="0">
   <subfield code="a">London: </subfield>
   <subfield code="b">Macmillan, </subfield>
   <subfield code="c">1993.</subfield>
  </datafield>
  <datafield tag="300" ind1=" " ind2=" ">
   <subfield code="a">Cassette 1 of  3, 2 of 3 and 3 of 3.</subfield>
  </datafield>
  <datafield tag="500" ind1="0" ind2="0">
   <subfield code="a">[Cassette 3, Side 1 : Unit 27-34 ; Side 2 : Unit 35-40], [Cassette 1: Side 2 : Unit 7-14, Side 1 : Unit 1-6], [Cassette 2: side 2: Unit 21- 26, Side 1: unit 15-20]</subfield>
  </datafield>
  <datafield tag="650" ind1="0" ind2="0">
   <subfield code="a">English language -- </subfield>
   <subfield code="x">Business English </subfield>
  </datafield>
  <datafield tag="700" ind1="1" ind2="1">
   <subfield code="a">Menzies, </subfield>
   <subfield code="h">Pete </subfield>
  </datafield>
 </record>
</collection>
